POTENTIALS OF POTATO PRODUCTION IN EAST UNPLAND REGION OF NORTHEAST CAMBODIA សក្កានុពលដំណាំដំឡូងបារាំងនៅក្នុងតំបន់ខ្ពស់រាបភាគ (Record no. 21312)

000 -LEADER
fixed length control field 00594nam a22001337a 4500
040 ## - CATALOGING SOURCE
Transcribing agency RUA
082 ## - DEWEY DECIMAL CLASSIFICATION NUMBER
Classification number MGR SON 2022 B429 Or.
100 ## - MAIN ENTRY--AUTHOR NAME
Personal name SONG KHEANG សុង​ ឃាង
245 ## - TITLE STATEMENT
Title POTENTIALS OF POTATO PRODUCTION IN EAST UNPLAND REGION OF NORTHEAST CAMBODIA សក្កានុពលដំណាំដំឡូងបារាំងនៅក្នុងតំបន់ខ្ពស់រាបភាគ
260 ## - PUBLICATION, DISTRIBUTION, ETC. (IMPRINT)
Place of publication Phnom Penh
Name of publisher RUA
Year of publication 2022
300 ## - PHYSICAL DESCRIPTION
Number of Pages XIII 53P
Other physical details IX
Dimensions 29CM
856 ## - ELECTRONIC LOCATION AND ACCESS
Uniform Resource Identifier https://drive.google.com/file/d/1W2hUEWNwtA6wmEjn4npD7HU9pXBkNqo7/view?usp=sharing
942 ## - ADDED ENTRY ELEMENTS (KOHA)
Koha item type MGR
952 ## - LOCATION AND ITEM INFORMATION (KOHA)
Withdrawn status [LOCAL, KOHA] 0
952 ## - LOCATION AND ITEM INFORMATION (KOHA)
Withdrawn status [LOCAL, KOHA] 0
952 ## - LOCATION AND ITEM INFORMATION (KOHA)
Withdrawn status [LOCAL, KOHA] 0
952 ## - LOCATION AND ITEM INFORMATION (KOHA)
Withdrawn status [LOCAL, KOHA] 0
952 ## - LOCATION AND ITEM INFORMATION (KOHA)
Withdrawn status [LOCAL, KOHA] 0
952 ## - LOCATION AND ITEM INFORMATION (KOHA)
Withdrawn status [LOCAL, KOHA] 0
952 ## - LOCATION AND ITEM INFORMATION (KOHA)
Withdrawn status [LOCAL, KOHA] 0
952 ## - LOCATION AND ITEM INFORMATION (KOHA)
Withdrawn status [LOCAL, KOHA] 0
Holdings
Permanent Location Date acquired Koha item type Lost status Shelving location Barcode Current Location Full call number
Library Block B2023-05-05MGR B429a071710Library Block BMGR SON 2022 B429 Or.
Library Block B2023-05-05MGR B429a071479Library Block BMGR SON 2022 B429 Or.
Library Block B2023-05-05MGR B429a071535Library Block BMGR SON 2022 B429 Or.
Library Block B2023-05-05MGR B429a071550Library Block BMGR SON 2022 B429 Or.
Library Block B2023-05-05MGR B429a071419Library Block BMGR SON 2022 B429 Or.
Library Block B2023-05-05MGR B429a071670Library Block BMGR SON 2022 B429 Or.
Library Block B2023-05-05MGR B429a071374Library Block BMGR SON 2022 B429 Or.
Library Block B2023-05-05MGR B429a071382Library Block BMGR SON 2022 B429 Or.
មជ្ឈមណ្ឌលឯការនៃសាកលវិទ្យាល័យភូមិន្ទកសិកម្មចំការដូង

Powered by Koha